000 03334cam a2200277 4500500
005 20260322012257.0
041 _afre
042 _adc
100 1 0 _aMissemer, Antoine
_eauthor
700 1 0 _aSwaton, Sophie
_eauthor
245 0 0 _aPrécarité énergétique et fiscalité écologique, retour sur l’expérience avortée du chèque vert français
260 _c2017.
500 _a29
520 _aÀ la fin des années 2000, un mécanisme de chèque vert a été imaginé en France pour corriger les distorsions résultant de la mise en place d’une taxe carbone. Parmi ces distorsions figurait une aggravation de la précarité énergétique. En partant d’une définition multidimensionnelle de cette précarité, nous montrons que les dispositifs de type chèque vert conçus autour des années 2010 ne permettaient pas de lutter convenablement contre la précarité énergétique. En cause, un mauvais ciblage du dispositif, mais surtout une difficile identification des ménages les plus vulnérables. Ainsi, nous défendons l’idée que le principal problème à traiter est celui de la définition précise de la précarité énergétique, en particulier dans ses dimensions structurelles (logement, transport). Ce travail passe sans doute par une approche circonstanciée et locale, potentiellement peu compatible avec une fiscalité écologique à portée nationale.
520 _aFuel poverty and ecological taxation: a retrospective look at the French green check failed experienceAt the end of the 2000s, a green check system was developed in France to correct distortions resulting from the introduction of the carbon tax. One of these distortions was the development of fuel poverty. This paper starts by giving a multi-dimensional definition of this poverty, insisting on the structural factors (accommodation, transport) that account for the energy vulnerability of households. We show that this French green check, which consisted chiefly in a monetary compensation provided, with modulation, to all households was an injudicious solution to address fuel poverty. The reason was its inadequate calibration as regards the structural dimensions of fuel poverty. Most of the new versions of the green check developed around 2010 still missed the target by ignoring some structural dimensions of fuel poverty, or by multiplying the policy goals with insufficient means. Looking back on these experiences, we contend that the main problems do not result from the green check itself, but rather from the lack of proper indicators to define and measure fuel poverty, in particular regarding its structural dimensions. Circumstantial and local public policies, as some of them are being now developed, might be useful to better delineate fuel poverty and to assess the accuracy of national-based ecological taxation in addressing these phenomena.
690 _achèque vert
690 _afiscalité écologique
690 _aprécarité énergétique
690 _ataxe carbone
690 _acarbon tax
690 _aecological taxation
690 _afuel poverty
690 _agreen check
786 0 _nNatures Sciences Sociétés | 25 | 3 | 2017-11-15 | p. 221-229 | 1240-1307
856 4 1 _uhttps://stm.cairn.info/revue-natures-sciences-societes-2017-3-page-221?lang=fr&redirect-ssocas=7080
999 _c1771414
_d1771414